Penggunaan dadah dalam perubatan

Bibliographic Details
Main Author: Ismail Mamat
Format: Book
Series:Jauhi dadah pembunuh utama
Subjects:

MARC

LEADER 00000cam a2200000 7i4500
001 0000278685
005 20200917111525.0
020 |a 9789670695785 
090 0 0 |a 362.29   |b ISM 
100 0 |a Ismail Mamat 
245 1 0 |a Penggunaan dadah dalam perubatan   |c Ismail Mamat 
300 |a 56p. :   |b photo, col. ;   |c 26cm. 
490 0 |a Jauhi dadah pembunuh utama 
650 0 |a Drug abuse 
650 0 |a Drugs 
999 |a 00384722   |b BUKU   |c JUNIOR BOOKS   |e PERPUSTAKAAN KOMUNITI PETALING JAYA